00559nam a22001697a 450000500170000001000130001702000260003003500110005603700160006708200120008310000330009524500610012824600520018926000490024127000770029030000220036720191126122828.0 aUR-10620 c150.00a9789389358766 aU-9175 bDBAD/PUBa- a370.844 aشميم ا حمد مد نی aفکر ی ز ا و يۓcشميم ا حمد مد نی  bFikri Zawiye (Urdu)aby Syed Shamim Ahmed Madny aDelhibEducational Publishing Housec2019 ء a3191,Vakil Street, Kucha Pandit,Lal Kuan,bDelhie110006k01123216162l- a80 ص c22 Cm(Hb)